| 000 | 01170cab a22002295a 4500 | ||
|---|---|---|---|
| 001 | L145334 | ||
| 008 | 080930e20080919xxko f 000 0 eng d | ||
| 035 | _a(Sirsi) u145334 | ||
| 041 | 0 | _aeng | |
| 100 | 1 | _aLane, Thomas | |
| 245 | 0 | 0 | _aBailey's cream |
| 260 | _c2008 | ||
| 490 |
_aBuilding _v273(8547) 19 September 2008, 50-53(4) |
||
| 520 | _aPresents the development of a sustainable construction, the headquarters of NG Bailey in Strathclyde. Shows that the goal was to have an environment assessment method BREEAM rating of Excellent and an "A" energy performance certificate, along with proper employee working environment. Explains that the goal is reached because specialists contractors were involved from the beginning of the project. Concludes that the building uses much less energy than similar offices in the area. Details equipment and techniques used, as well as building costs. | ||
| 590 | _aKA | ||
| 650 | 2 | 4 | _aBRE ENVIRONMENTAL ASSESSMENT METHOD (BREEAM) |
| 650 | 2 | 4 | _aENERGY PERFORMANCE CERTIFICATES |
| 651 | 4 |
_aScotland _y1999- |
|
| 690 | _aBUILT ENVIRONMENT-SUSTAINABLE CONSTRUCTION | ||
| 690 |
_aProject management _96261 |
||
| 942 | _n0 | ||
| 999 |
_c80780 _d80780 |
||